Ligne H du Transilien - Statistiques

Statistiques générales
  • Ce quiz a été pris 634 fois
  • Le résultat moyen est 32 sur 57
Statistiques - réponses
n gares correspondances % Correct
1 Paris-Nord RER B D ETransilien K M 2 4 5
98%
2 Saint-Denis RER DT 1 8
98%
3 (séparation L/PB/PB/P) Epinay - Villetaneuse T 11
88%
22 (séparation PB/P) Ermont - Eaubonne RER CTransilien J
87%
41 Pontoise RER CTransilien J
85%
41 Pontoise RER CTransilien J
85%
20 Enghien-les-Bains
77%
18 Persan - Beaumont
74%
18 Persan - Beaumont
74%
18 Persan - Beaumont
74%
40 Saint-Ouen-l'Aumône RER C
69%
40 Saint-Ouen-l'Aumône RER C
69%
19 (vers PB/P) La Barre - Ormesson
68%
35 (vers P) Cernay RER C
67%
50 Creil RER D
67%
15 Luzarches
66%
6 Sarcelles - Saint-Brice
66%
23 (vers PB) Ermont-Halte
64%
37 Montigny - Beauchamp RER C
64%
25 Saint-Leu-la-Forêt
63%
32 Valmondois
63%
32 Valmondois
63%
27 Taverny
62%
36 Franconville - Le Plessis-Bouchard RER C
61%
4 (vers L/PB) Deuil - Montmagny
59%
39 Saint-Ouen-l'Aumône-Liesse RER C
59%
8 Domont
58%
38 Pierrelaye RER C
57%
5 Groslay
56%
21 Champ de Courses d'Enghien
55%
7 Ecouen - Ezanville
53%
30 Méry-sur-Oise
52%
24 Gros Noyer - Saint-Prix
51%
10 (séparation L/PB) Montsoult - Maffliers
50%
45 Auvers-sur-Oise
49%
31 Mériel
49%
33 L'Isle-Adam - Parmain
48%
33 L'Isle-Adam - Parmain
48%
28 Bessancourt
46%
29 Frépillon
46%
26 Vaucelles
45%
34 Champagne-sur-Oise
43%
34 Champagne-sur-Oise
43%
13 Viarmes
42%
9 Bouffémont - Moisselles
41%
14 Seugy
40%
17 Nointel - Mours
36%
43 Pont-Petit
36%
16 (vers PB) Presles-Courcelles
35%
44 Chaponval
34%
42 Epluches
34%
46 Bruyères-sur-Oise
31%
12 Belloy - Saint-Martin
30%
47 Boran-sur-Oise
30%
11 (vers L) Villaines
30%
49 Saint-Leu-d'Esserent
29%
48 Précy-sur-Oise
25%
Aucun quiz correspondant
Distribution des résultats
% des personnes avec chaque résultat
Percentile par nombre de réponses
Votre historique - résultats
Vous n’avez pas pris ce quiz